[Event "World Chess Candidates 2018"]
[Site "Berlin"]
[Date "2018.03.19"]
[Round "8"]
[White "So, Wesley"]
[Black "Caruana, Fabiano"]
[Result "1/2-1/2"]
[WhiteElo "2799"]
[BlackElo "2784"]
[Annotator "TA"]
[PlyCount "129"]
[EventDate "2018.??.??"]
[EventType "tourn"]
[EventCountry "GER"]
[SourceTitle "playchess.com"]
[Source "ChessBase"]
[SourceQuality "1"]

{[%evp 15,129,17,11,14,10,-10,24,-8,0,-12,-14,-31,0,-32,18,-37,-31,-37,-34,-61,-58,-48,-58,-65,-59,-69,-51,-58,-62,-57,-32,-34,-28,-22,-35,-21,-28,-29,-22,-22,-22,-22,-22,-30,-22,-22,-25,-31,-18,-16,-22,-22,-22,-22,-22,-22,-22,-22,-22,-22,-22,-22,-22,-18,-18,-22,-22,-22,-22,-22,-22,-22,-22,-34,-34,-34,-34,-34,-34,-34,-34,-36,-36,-36,-28,-28,-28,-28,-28,-28,-28,-28,-28,-28,-28,-28,-28,-28,-28,-30,-30,-30,-30,-30,-30,-30,-30,-30,-30,-30,-30,-30,-30,-30,0,0]} 1. e4 e5 2. Nf3 Nf6 3. Nxe5 d6 4. Nf3 Nxe4 5. Qe2 Qe7 6. d3 Nf6 7. Nc3 Qxe2+ 8. Bxe2 g6 {LiveBook: 7 Games. C42: Petroff Defence: 3 Nxe5 and unusual White 3rd moves} 9. Bg5 (9. Nd4 a6 10. Bf4 Bg7 11. h3 Bd7 12. Bf3 Nc6 13. Nxc6 Bxc6 14. Bxc6+ bxc6 15. O-O-O Kd7 16. Rhe1 {½-½ (41) Carlsen,M (2834)-Caruana,F (2811) Wijk aan Zee 2018}) 9... Bg7 10. O-O-O O-O $146 ({Predecessor:} 10... h6 11. Bd2 Bd7 12. Rde1 O-O 13. Bd1 a6 14. Ne4 Nxe4 15. Rxe4 Nc6 16. h3 {½-½ (34) Foisor,C (2427)-Foisor,M (2217) Warsaw 2011}) 11. Rhe1 h6 12. Bh4 Nc6 13. d4 a6 14. a3 (14. Bxf6 $5 Bxf6 15. Nd5 $11) 14... Bd7 (14... g5 $5 {[%cal Rg5h4]} 15. Bg3 Re8 $11) 15. d5 ({White should play} 15. Bxf6 $11 Bxf6 16. Nd5) 15... Na7 $1 $15 16. Nd4 Nc8 17. Nb3 g5 18. Bg3 Re8 19. Na5 b5 20. f3 Nh5 21. Bf2 Nf4 22. Bf1 $1 Nb6 23. Rxe8+ Rxe8 ({Much weaker is} 23... Bxe8 $6 24. Bxb6 cxb6 25. Nb7 $14) 24. Bxb6 $1 cxb6 25. Nb7 Be5 26. Ne4 Rb8 27. Nexd6 Ng6 28. g3 Ne7 29. a4 {[%cal Ra4b5]} Nf5 30. Nxf5 Bxf5 31. Re1 f6 32. Rxe5 fxe5 $11 {[%mdl 4096] Endgame KRB-KBN} 33. Nd6 Bd7 34. axb5 axb5 35. Bxb5 Bxb5 36. Nxb5 {KR-KN} Rf8 37. Kd2 Rxf3 38. Ke2 g4 {And now ...Rf5 would win.} 39. Nd6 $1 h5 40. Nc4 b5 41. Nxe5 Rf5 42. Ng6 Kf7 43. Nf4 h4 44. Ng2 hxg3 45. hxg3 Rf3 46. Ne3 Rxg3 47. c4 bxc4 48. d6 Ke6 49. Nxc4 Rf3 50. d7 $1 {[%cal Rd7d8]} Rf8 51. Ne3 $1 g3 52. d8=Q Rxd8 53. Kf3 Rd3 54. Kf4 Rb3 55. Ng2 $1 Kd5 {Threatens to win with ...Kd4.} 56. Nh4 Kc4 {aiming for ...Kd5.} 57. Kg4 Rd3 {[#] White must now prevent ...Rb3.} 58. b4 $1 {[%mdl 512]} Rb3 {[#]} (58... Kxb4 59. Kh3) 59. b5 $1 {[%mdl 512]} Kd5 {[#]} (59... Rxb5 60. Kxg3) 60. b6 $1 {[%mdl 512]} Ke4 {[#]} (60... Rxb6 61. Kxg3) 61. b7 $1 {[%mdl 512]} Rxb7 {Hoping for ...Rg7+.} 62. Kxg3 Rg7+ 63. Kf2 Rg4 64. Ng2 $1 Rxg2+ 65. Kxg2 {Precision: White = 67%, Black = 76%.} 1/2-1/2

[Event "World Chess Candidates 2018"]
[Site "Berlin"]
[Date "2018.03.19"]
[Round "8"]
[White "Ding, Liren"]
[Black "Aronian, Levon"]
[Result "1/2-1/2"]
[WhiteElo "2769"]
[BlackElo "2794"]
[Annotator "TA"]
[PlyCount "81"]
[EventDate "2018.??.??"]
[EventType "tourn"]
[EventCountry "GER"]
[SourceTitle "playchess.com"]
[Source "ChessBase"]
[SourceQuality "1"]

{[%evp 17,81,5,6,13,7,7,32,8,20,10,17,4,0,13,16,0,4,16,4,16,21,6,36,36,46,36,37,43,43,45,52,56,52,60,70,62,70,76,67,50,94,39,40,52,71,73,62,59,66,20,40,29,38,34,35,14,15,12,18,17,19,0,10,0,15,0]} 1. c4 Nf6 2. g3 e6 3. Bg2 d5 4. Nf3 dxc4 5. Qa4+ Bd7 6. Qxc4 c5 7. d4 Bc6 8. dxc5 Nbd7 9. Be3 Bd5 {LiveBook: 15 Games} 10. Qc2 {E04: Open Catalan: 5 Nf3} Be4 11. Qc1 Ng4 $146 (11... Bxc5 $5 12. O-O (12. Bxc5 Rc8 $11) 12... Bb6 $11) ({Predecessor:} 11... Bxc5 12. Bxc5 Rc8 13. b4 b6 14. Nc3 bxc5 15. Nxe4 Nxe4 16. Qc4 Nef6 17. O-O O-O {½-½ (28) Zhou,J (2566)-Adams,M (2729) Khanty-Mansiysk 2007}) 12. b4 {Black should prevent Nc3.White is slightly better.} a5 13. Bg5 f6 14. Bd2 {Threatens to win with Qc4.} axb4 15. Bxb4 Nxc5 16. Bxc5 Rc8 $132 {[%mdl 2048] Black has counterplay} 17. Qc4 Bxc5 18. Qxe6+ Kf8 19. Qxg4 Bb4+ (19... Bxf3 $5 20. Bxf3 Bd4 $11) 20. Nbd2 Bxd2+ $1 21. Nxd2 Bxg2 22. Rg1 Bd5 23. Rd1 {[#] Strongly threatening Nb3.} Qc7 24. Ne4 Rd8 25. f3 Qe5 26. Qf4 Qxf4 27. gxf4 Kf7 28. Nc3 Bc4 29. a4 (29. Kf2 $16) 29... Rxd1+ $14 30. Kxd1 {[%mdl 4096] Endgame KRB-KRN} Rd8+ 31. Kc2 Rc8 32. Kd2 Ba6 33. Ne4 Kf8 34. f5 Rd8+ 35. Ke3 Rd5 36. Rc1 Rxf5 {The position is equal.} 37. Rc8+ Ke7 38. Rc7+ Kf8 39. Rc8+ Ke7 40. Rc7+ Kf8 41. Rc8+ {Precision: White = 47%, Black = 68%.} 1/2-1/2

[Event "World Chess Candidates 2018"]
[Site "Berlin"]
[Date "2018.03.19"]
[Round "8"]
[White "Grischuk, Alexander"]
[Black "Kramnik, Vladimir"]
[Result "1-0"]
[WhiteElo "2767"]
[BlackElo "2800"]
[Annotator "TA"]
[PlyCount "181"]
[EventDate "2018.??.??"]
[EventType "tourn"]
[EventCountry "GER"]
[SourceTitle "playchess.com"]
[Source "ChessBase"]
[SourceQuality "1"]

{[%evp 13,181,21,0,4,13,0,16,16,55,3,16,26,26,0,18,18,13,16,10,12,18,16,16,16,16,16,15,15,14,18,12,14,28,35,35,18,20,23,23,24,34,26,32,34,35,39,48,8,8,8,37,36,35,29,41,35,31,33,59,59,84,84,84,83,95,101,109,116,137,129,124,125,129,130,131,100,146,89,87,89,95,92,93,93,99,87,98,88,92,0,103,88,100,97,109,90,89,89,96,90,96,0,96,96,96,96,97,0,91,89,114,76,84,77,103,29,31,8,46,34,30,8,18,16,181,184,232,29,25,24,29,26,37,12,12,12,28,12,41,41,243,243,290,290,290,290,283,283,1325,260,29975,29976,29976,29977,29977,29978,29978,29979,29979,29976,29977,29978,29986,29987,29987,29988,29988,29989,29989,29990]} 1. c4 e6 2. Nc3 d5 3. d4 Nf6 4. Nf3 c5 5. e3 dxc4 6. Bxc4 a6 7. Bb3 {D26: Queen's Gambit Accepted: 4 e3 e6 5 Bxc5 c5 sidelines} (7. O-O b5 8. Be2 Bb7 9. dxc5 Bxc5 10. Qxd8+ Kxd8 11. Nd2 Ke7 12. Nb3 Bb6 13. a4 b4 14. a5 Bc7 15. Na4 Nbd7 16. Bd2 Bd6 17. Rfc1 Rhc8 18. Nb6 Rxc1+ 19. Rxc1 Nxb6 20. axb6 {1-0 (31) Carlsen,M (2832)-So,W (2815) chess.com INT 2017}) 7... b5 {LiveBook: 58 Games} 8. e4 cxd4 9. Nxd4 {The position is equal.} Bb7 10. e5 $146 ({Find the theoretical novelty and annotate with similar games:} 10. O-O Nc6 11. Be3 Bd6 12. Nxc6 Bxc6 13. Bd4 Qc7 14. Bxf6 gxf6 {½-½ (28) Maljush,A (2344)-Kupreichik,V (2464) Minsk 2004}) 10... Ne4 11. O-O (11. Nxe4 $14 Bxe4 12. O-O) 11... Nxc3 12. bxc3 Nc6 13. a4 Bc5 {[%cal Rc6d4]} (13... Nxd4 {NOTEXT} 14. cxd4 b4 15. Be3 Be7 16. Qg4 Kf8) 14. axb5 axb5 15. Rxa8 Bxa8 16. Nxb5 {And now Nd6+ would win.} O-O 17. Qxd8 Rxd8 18. Bf4 h6 19. h4 Ne7 20. Rd1 Rb8 21. Bc4 Bc6 22. Nd4 Be4 23. h5 Nd5 24. Bxd5 Bxd5 25. Be3 Rc8 26. Re1 Bc4 27. Nf3 Ba3 28. Bd4 Bd3 29. Nd2 Bb2 30. Nf1 Rc4 ({Wrong is} 30... Bxc3 $2 31. Rc1 $18) 31. Re3 Bf5 32. Ng3 Bh7 33. Kh2 Bc1 34. Re2 Bf4 35. Kh3 Ra4 36. Kg4 Bc1 {[#] Threatening ...Bd3.} 37. Kf3 $1 Bd3 38. Re1 Bb2 39. Ke3 Bc2 40. Kd2 Bb3 41. Rb1 Ra2 42. Kd3 Ba4 43. Ne4 Ba3 44. Ke3 Bc2 45. Re1 (45. Rb8+ $142 Kh7 46. g4) 45... Bb3 46. g4 Bd5 47. Kd3 Be7 48. Rb1 Ra8 49. f4 Bh4 50. Rh1 Bd8 51. Rb1 (51. Ke3 $16) 51... Bc7 (51... Bh4 $1 $11 {keeps the balance.}) 52. Ke3 Kh7 53. Nd6 Kg8 54. Rb5 Bc6 55. Rb4 Bd8 56. Bb6 Bh4 57. Bd4 ({White should try} 57. Bc5 $16) 57... Bg2 (57... Bd8 $1 $11) 58. Rb2 $16 Bc6 59. Rb6 Bg2 60. Rb2 Bc6 61. Rb3 Bg3 62. c4 Bh2 63. f5 exf5 64. Nxf5 (64. gxf5 $16 f6 65. Rb6 Ra3+ 66. Kd2 fxe5 67. Rb8+ Kh7 68. Nf7 Ra2+ 69. Bb2 Bf4+ 70. Ke2) 64... Kh7 $11 65. Bb2 Re8 66. Nd6 Re7 67. Rb8 {next Rf8 is good for White.} f6 68. Rc8 Bh1 $2 (68... Bd7 $11 {and Black is okay.} 69. Rc7 fxe5) 69. Nf5 $18 Rb7 {[#]} 70. exf6 $2 (70. e6 $1 $18 {[%cal Re6e7] Hoping for e7.} Rb3+ 71. Bc3) 70... Rb3+ $11 71. Bc3 gxf6 $1 72. Kd2 Bf4+ $1 73. Kc2 Rb8 $1 74. Rxb8 Bxb8 {[%mdl 4096] Endgame KBB-KBN} 75. Ne7 Be4+ 76. Kd2 {Threatens to win with Nd5.} Bf4+ $2 (76... Bf3 $1 $14) 77. Ke2 $18 Kg7 78. Nf5+ Kf7 {If only Black now had time for ...Ke6....} 79. Bd2 Be5 80. Bxh6 Ke6 $2 (80... Ba8 81. c5 Bc7) 81. Be3 $2 (81. Ke3 Bxf5 82. gxf5+ Kxf5 83. Bf8) 81... Bxf5 $2 (81... Kf7 $18 82. Bd2 Bh2) 82. gxf5+ {White mates.} Kxf5 {KB-KB} 83. h6 Kg6 84. c5 {[%cal Bc4c5,Bc5c6,Bc6c7][%mdl 32]} f5 85. Kf3 Kf7 86. Bf4 Bd4 87. c6 Ke7 88. c7 Kd7 89. h7 Kc8 90. Ke2 Kd7 91. Kd3 {Precision: White = 68%, Black = 44%.} 1-0

[Event "World Chess Candidates 2018"]
[Site "Berlin"]
[Date "2018.03.20"]
[Round "9"]
[White "So, Wesley"]
[Black "Grischuk, Alexander"]
[Result "1/2-1/2"]
[WhiteElo "2799"]
[BlackElo "2767"]
[Annotator "TA"]
[PlyCount "68"]
[EventDate "2018.??.??"]
[EventType "tourn"]
[EventCountry "GER"]
[SourceTitle "playchess.com"]
[Source "ChessBase"]
[SourceQuality "1"]

{[%evp 27,68,6,9,5,8,4,8,2,4,6,2,0,0,0,17,0,0,0,0,0,0,0,0,0,0,0,0,0,0,0,0,0,0,0,0,0,0,0,0,0,0,0,0]} 1. e4 e5 2. Nf3 Nc6 3. Bb5 Nf6 4. O-O Nxe4 5. Re1 Nd6 6. Nxe5 Be7 7. Bf1 Nxe5 8. Rxe5 O-O 9. d4 Bf6 10. Re1 Re8 {C67: Ruy Lopez: Berlin Defence: 4 0-0 Nxe4} 11. Bf4 (11. Rxe8+ Nxe8 12. c3 d5 13. Bf4 c6 14. Nd2 g6 15. Bd3 Ng7 16. h3 Bf5 17. Bxf5 Nxf5 18. Nf3 {½-½ (47) Anand,V (2776)-Grischuk,A (2767) Moscow 2018}) 11... Rxe1 12. Qxe1 Ne8 13. c3 d5 14. Bd3 g6 {[#] LiveBook: 41 Games. The position is equal.} 15. Qe2 $146 ({Predecessor:} 15. Nd2 Ng7 16. Nf3 Bf5 17. Bxf5 Nxf5 18. Qe2 {½-½ (31) Motylev,A (2658)-Potkin,V (2594) Fufeng 2017}) 15... c6 16. Nd2 {[%cal Bb1d2,Bd2f3,Bf3e5][%mdl 32]} Ng7 17. Re1 Bf5 18. Bxf5 Nxf5 19. Nf3 Ng7 20. Be5 Ne6 21. Bxf6 Qxf6 22. Ne5 Re8 23. g3 Ng7 24. Kg2 Re6 25. Qd1 Qe7 26. Nd3 Rxe1 27. Qxe1 Qxe1 28. Nxe1 $11 {[%mdl 4096] Endgame KN-KN} Nf5 29. Nd3 Kf8 30. g4 Nd6 31. h4 h6 32. f3 Ke7 33. Kf2 g5 34. hxg5 hxg5 {Precision: White = 68%, Black = 92%.} 1/2-1/2

[Event "World Chess Candidates 2018"]
[Site "Berlin"]
[Date "2018.03.20"]
[Round "9"]
[White "Aronian, Levon"]
[Black "Mamedyarov, Shakhriyar"]
[Result "1/2-1/2"]
[WhiteElo "2794"]
[BlackElo "2809"]
[Annotator "TA"]
[PlyCount "82"]
[EventDate "2018.??.??"]
[EventType "tourn"]
[EventCountry "GER"]
[SourceTitle "playchess.com"]
[Source "ChessBase"]
[SourceQuality "1"]

{[%evp 19,82,9,11,9,12,6,17,17,17,14,23,12,12,8,8,13,12,12,12,12,12,12,18,10,21,20,32,43,39,39,41,37,46,33,37,22,30,22,50,41,57,58,66,49,59,21,22,14,14,22,22,0,0,0,0,0,0,0,0,0,0,0,0,0,0]} 1. d4 Nf6 2. c4 e6 3. Nf3 d5 4. g3 Be7 5. Bg2 O-O 6. O-O dxc4 7. Qc2 b6 8. Qxc4 Bb7 9. Nc3 c5 10. Rd1 Nbd7 {LiveBook: 9 Games} 11. Ne5 {E03: Open Catalan: 5 Qa4+ Nbd7 6 Qxc4} (11. dxc5 Bxc5 12. b4 Bxf2+ 13. Kxf2 Rc8 14. Qf4 Rxc3 15. Bb2 Rc7 16. Bxf6 gxf6 17. Rac1 Rxc1 18. Qxc1 Qc8 19. Qxc8 Bxc8 {½-½ (45) Bu,X (2710)-Bacrot,E (2715) Tbilisi 2017}) 11... Bxg2 12. Kxg2 Qc8 13. Nxd7 Qxd7 14. dxc5 Qc6+ {[#]} 15. f3 $146 ({Predecessor:} 15. e4 a6 16. Qe2 Bxc5 17. Bg5 Be7 18. Rac1 Qb7 {½-½ (60) Fridman,D (2607)-Rambaldi,F (2544) Bergamo 2016}) 15... Qxc5 16. Qxc5 Bxc5 17. Bf4 Rfd8 18. e4 Ne8 19. Kf1 Kf8 20. Ke2 Ke7 21. Nb5 Rdc8 22. Rac1 a6 23. Nc3 b5 24. a4 Bd6 25. Be3 Rab8 26. axb5 axb5 27. Ba7 Rb7 28. Bd4 {Black should prevent e5.} Rc4 29. e5 Bc5 30. Nd5+ exd5 31. Bxc5+ Ke6 32. b3 (32. Bd4 {seems wilder.} Rbc7 33. Ra1 R7c6 34. Ra7 Nc7 35. f4) 32... Rxc1 {The position is equal.} 33. Rxc1 Kxe5 $11 {[%mdl 4096] Endgame KRB-KRN} 34. Kd3 {[#] Strongly threatening Re1+.} Ke6 35. Bb4 {Hoping for Re1+.} Kd7 36. Kd4 Nc7 37. Ba5 Ne6+ 38. Kxd5 Ra7 39. b4 Ra6 40. f4 Rd6+ 41. Ke4 Rd4+ {Precision: White = 88%, Black = 84%.} 1/2-1/2

[Event "World Chess Candidates 2018"]
[Site "Berlin"]
[Date "2018.03.20"]
[Round "9"]
[White "Caruana, Fabiano"]
[Black "Ding, Liren"]
[Result "1/2-1/2"]
[WhiteElo "2784"]
[BlackElo "2769"]
[Annotator "TA"]
[PlyCount "133"]
[EventDate "2018.??.??"]
[EventType "tourn"]
[EventCountry "GER"]
[SourceTitle "playchess.com"]
[Source "ChessBase"]
[SourceQuality "1"]

{[%evp 22,133,7,1,14,14,14,14,14,14,14,14,12,16,16,16,16,16,9,13,12,16,12,10,7,7,25,24,29,25,25,25,27,31,23,10,12,13,14,27,55,54,57,54,64,50,64,64,64,64,64,64,64,56,64,0,64,64,66,64,64,64,64,64,64,64,64,64,64,64,64,64,64,64,83,77,88,45,58,49,62,41,52,19,27,29,25,51,191,190,293,291,452,70,72,59,360,308,302,314,465,350,204,111,99,69,78,71,345,332,218,0,0,0]} 1. d4 Nf6 2. c4 e6 3. g3 Bb4+ 4. Bd2 Be7 5. Bg2 d5 6. Nf3 O-O 7. O-O c6 8. Qb3 b6 9. Nc3 Ba6 10. cxd5 {E11: Bogo-Indian} cxd5 11. Ne5 Bb7 12. Rfc1 {LiveBook: 9 Games} Nc6 (12... Nbd7 {with more complications.} 13. Nd3 Nb8 14. Bg5 Nc6 15. e3 h6) 13. Nxd5 Nxd4 14. Nxe7+ Qxe7 15. Qc4 Bxg2 16. Qxd4 Rfd8 {[#]} 17. Qf4 $146 ({Predecessor:} 17. Qb4 Qxb4 18. Bxb4 Bb7 19. Rc7 Ba6 20. Nxf7 Nd5 21. Nxd8 Nxc7 22. Nc6 {½-½ (22) Gleizerov,E (2545)-Farago,I (2515) Oberwart 1996}) 17... Bb7 18. Bb4 Qe8 19. Rc7 Nd5 20. Qxf7+ Qxf7 21. Rxf7 Ba6 22. Ba3 Bxe2 23. Rc1 Bh5 24. Rb7 Be8 25. Kg2 a5 26. h4 {[%cal Bh2h4,Bh4h5][%mdl 32]} Rdb8 27. Rxb8 Rxb8 28. g4 b5 29. b3 b4 30. Bb2 a4 31. h5 Ra8 32. Kg3 Kf8 33. Nf3 Bd7 34. Rc4 Kg8 35. Ne5 Bb5 36. Rc5 Be8 37. Nc4 Bd7 38. Ne5 Be8 $1 39. Bd4 Kf8 40. f3 Ke7 41. Kh4 Kf8 42. Kg5 h6+ 43. Kh4 Kg8 44. Kg3 Kh7 45. Nd3 Kg8 46. Rc1 axb3 47. axb3 Kh7 48. Nc5 Bf7 49. Re1 Ne7 50. Bb2 Nc6 51. f4 Ra2 52. Nd3 e5 53. fxe5 {Strongly threatening e6.} Bxb3 54. e6 {Hoping for e7.} Ra7 (54... Ne7 $14) 55. Nc5 $1 $18 {[%cal Rc5b3]} Bc4 (55... Ba2 $142 56. Rd1 Bc4) 56. Nd7 $1 Bb5 (56... Rb7 $142 57. e7 Bf7) 57. Nf8+ $2 (57. Re3 $18) 57... Kg8 $14 58. Ng6 $1 {aiming for e7.} Ne7 $2 {[%mdl 8192]} (58... Ra8 $14) 59. Ra1 $1 $18 {[%cal Ra1a7]} Nc6 {intending ...Rxa1.} 60. Rd1 $1 {[%cal Rd1d5]} Kh7 (60... Bc4 $142 61. e7 Rxe7 62. Nxe7+ Nxe7) 61. Rd5 Ba4 {[#]} 62. Kf4 (62. Rd2 $1 $18 {[%cal Rd2f2] And now Rf2 would win.} Bb3 63. Rf2) 62... Bc2 $16 63. Rc5 Ba4 64. g5 hxg5+ $2 {[%mdl 8192]} (64... Ra8 $16 {was necessary.}) 65. Rxg5 $18 {Nf8+ is the strong threat.} ({Less strong is} 65. Kxg5 Ne7 $14) 65... Nd8 {[#]} 66. Re5 $2 ({White has to play} 66. Nf8+ $1 $18 Kg8 67. h6) 66... Be8 $11 67. e7 {Precision: White = 68%, Black = 49%.} 1/2-1/2

[Event "World Chess Candidates 2018"]
[Site "Berlin"]
[Date "2018.03.20"]
[Round "9"]
[White "Karjakin, Sergey"]
[Black "Kramnik, Vladimir"]
[Result "1-0"]
[WhiteElo "2763"]
[BlackElo "2800"]
[Annotator "TA"]
[PlyCount "81"]
[EventDate "2018.??.??"]
[EventType "tourn"]
[EventCountry "GER"]
[SourceTitle "playchess.com"]
[Source "ChessBase"]
[SourceQuality "1"]

{[%evp 15,81,12,16,-27,-32,-24,16,0,39,15,22,22,19,10,44,37,67,106,139,140,151,142,121,130,262,116,123,123,127,120,121,119,218,216,228,209,186,208,325,200,216,216,356,367,364,356,350,355,352,350,337,329,399,216,514,502,472,489,484,498,477,469,673,623,773,764,1876,875]} 1. c4 e6 2. Nc3 d5 3. d4 Nf6 4. cxd5 Nxd5 5. e4 Nxc3 6. bxc3 c5 7. Rb1 Be7 {D35: Queen's Gambit Declined: Exchange Variation} 8. Nf3 O-O {LiveBook: 31 Games} 9. h4 $146 ({Predecessor:} 9. Bc4 Nc6 10. O-O b6 11. d5 Na5 12. Bd3 c4 13. Bc2 exd5 14. exd5 Bg4 15. Re1 {½-½ (23) Svidler,P (2765)-Wang,H (2709) Riadh 2017}) 9... cxd4 {Black has an edge.} 10. cxd4 Nc6 11. h5 f5 12. exf5 Qa5+ 13. Bd2 Qxf5 14. Bc3 h6 15. Bd3 $36 {[%mdl 2048] White is more active.} Qg4 16. Kf1 e5 {[#]} 17. d5 $1 {[%cal Bd4d5,Bd5c6][%mdl 32]} (17. Nxe5 $6 Qxd1+ 18. Rxd1 Nxe5 $11) (17. dxe5 $6 Be6 $14) 17... e4 18. dxc6 exf3 19. gxf3 Rxf3 (19... Qxf3 $16 20. Qxf3 Rxf3) 20. Be2 (20. cxb7 $18 Rxf2+ 21. Kxf2 Bh4+ 22. Rxh4 Qxh4+ 23. Ke3 Qg5+ 24. Kd4 (24. Kf2 Qh4+ 25. Ke3 Qg5+ 26. Kd4 Qd8+ 27. Kc4 Bxb7 $18) 24... Qd8+ 25. Kc4 Bxb7 26. Kb3 (26. Rxb7 Qc8+ 27. Kd4 Qd8+ 28. Ke4 Qh4+ 29. Kd5 Qd8+ 30. Kc4 Qc8+ 31. Kd4 Qxb7 $16) 26... Bd5+ 27. Kb2) 20... Rxf2+ $16 21. Kxf2 Bc5+ 22. Kf1 Qf4+ 23. Bf3 bxc6 {[#]} (23... Be6 $16 {was called for.} 24. Be1 (24. Rxb7 Bc4+ 25. Kg2 Qg5+ 26. Kh3 Be6+ 27. Bg4 Qe3+ 28. Kh2 Qf2+ 29. Kh3 Qe3+ 30. Kh2 Qf2+ 31. Kh3 Qe3+ $11) 24... Rf8) 24. Be1 $1 $18 Be6 {Strongly threatening ...Rf8.} 25. Bh4 Rf8 26. Kg2 Kh8 (26... Rf5 $142) 27. Rc1 {[%cal Bb1c1,Bc1c3,Bc3f3][%mdl 32]} ({Weaker is} 27. Bxc6 Bf2 $16) 27... Rf5 {...Rg5+! is the strong threat.} 28. Rc3 Rd5 (28... Re5 $142 29. Rh2 Bd6 30. Qxd6 Re2+ 31. Kf1 (31. Bxe2 Qxd6 32. Bf2 Bxa2 $18) 31... Qxd6 32. Rxe2 Kh7) 29. Bxd5 Bxd5+ 30. Rf3 $1 Qg4+ 31. Bg3 Bd6 {( -> ...Qxg3+)} 32. Rh3 Be7 33. Qe2 Be4 34. Qf2 (34. Qe3 $142) 34... a5 $2 (34... Kh7 {is a better defense.} 35. Rh1 Bc5) 35. a4 {White is clearly winning.} c5 36. Rh1 {[%cal Bh3h1,Bh1e1,Be1e3,Be3d3][%mdl 32]} Bf6 37. Re1 Bc6 38. Ree3 c4 (38... Qxh5 $142 39. Qe2 Qf5) 39. Qe2 Qxh5 40. Qxc4 Bd7 41. Rd3 {Precision: White = 55%, Black = 47%.} 1-0

[Event "World Chess Candidates 2018"]
[Site "Berlin"]
[Date "2018.03.22"]
[Round "10"]
[White "Mamedyarov, Shakhriyar"]
[Black "Caruana, Fabiano"]
[Result "1/2-1/2"]
[WhiteElo "2809"]
[BlackElo "2784"]
[Annotator "TA"]
[PlyCount "115"]
[EventDate "2018.??.??"]
[EventType "tourn"]
[EventCountry "GER"]
[SourceTitle "playchess.com"]
[Source "ChessBase"]
[SourceQuality "1"]

{[%evp 14,115,3,6,22,8,0,0,0,0,0,3,28,0,60,41,66,47,66,50,48,37,60,13,7,7,7,7,22,23,17,16,34,0,0,0,0,0,0,0,2,2,5,5,5,5,6,7,6,6,7,0,6,0,0,0,0,4,8,0,0,0,0,0,0,0,0,0,0,0,0,0,0,0,0,0,0,0,0,0,0,0,0,0,0,0,0,0,0,0,0,0,0,0,0,0,0,0,0,0,0,0,0,0]} 1. d4 Nf6 2. c4 e6 3. Nf3 d5 4. g3 dxc4 5. Bg2 Nc6 6. O-O Rb8 7. e3 Be7 {E04: Open Catalan: 5 Nf3} (7... b5 8. b3 cxb3 9. axb3 Be7 10. Qe2 O-O 11. Bd2 Bb7 12. Rc1 a6 13. Ne1 Nb4 14. Bxb7 Rxb7 15. Bxb4 Bxb4 16. Rxa6 {½-½ (48) Radjabov,T (2722)-Cheparinov,I (2677) Monzon 2016}) 8. Nfd2 {LiveBook: 5 Games} e5 9. Bxc6+ bxc6 10. dxe5 Ng4 11. Nxc4 Be6 $1 {[#] ...Qxd1 is the strong threat.} 12. Nbd2 $146 ({Find the theoretical novelty and annotate with similar games:} 12. Qxd8+ Rxd8 13. Nbd2 Bb4 14. e4 Bxd2 15. Nxd2 Nxe5 16. f4 Nd3 17. f5 Nxc1 18. Raxc1 Bxf5 19. exf5 Rxd2 20. Rxc6 Kd7 21. Rfc1 {½-½ (21) Van der Stricht,G (2424)-Hausrath,D (2507) Belgium 2008}) 12... h5 13. f3 Qd3 (13... h4 $11) 14. fxg4 $14 Bxc4 15. Nxc4 Qxc4 16. gxh5 Qe6 17. Qf3 (17. Bd2 {NOTEXT} Rxb2 18. Bc3 Rb5 19. Qc2 O-O 20. Rf2) 17... Rb5 18. Qf5 (18. Bd2 {NOTEXT} Rxe5 19. Bc3 Rxe3 20. Qf5 f6 21. h6) 18... Rxe5 19. Qxe6 Rxe6 20. Rf5 Rd6 21. Kg2 Rd1 22. b3 g6 23. Re5 (23. Rf2 $5 {[%cal Rc1b2]} Rxh5 24. Bb2 $14) 23... c5 {The position is equal.} 24. hxg6 fxg6 25. e4 Rh7 $1 26. h4 Rf7 27. Kh3 Rff1 28. Bg5 Rxa1 29. Rxe7+ $11 {[%mdl 4096] Endgame KRR-KRB} Kf8 $1 30. Rxc7 Rxa2 31. Be7+ Kg8 32. Rc8+ Kg7 33. Bxc5 Re2 34. e5 Rd1 35. Re8 Rd5 36. Bd6 Re3 {aiming for ...Rdd3.} 37. Re7+ Kg8 38. Re8+ Kf7 39. Re7+ Kg8 40. b4 Rdd3 41. Kg4 {[#] Black must now prevent Kg5.} Rxg3+ 42. Kf4 Rgf3+ 43. Ke4 Rfe3+ 44. Kf4 Rf3+ 45. Kg5 Rf7 {And now ...Rxe7 would win.} 46. e6 Rd5+ 47. Kxg6 {White wants to mate with Re8+.} Rxd6 48. Rxf7 {Rf6 would kill now.} Rxe6+ {KR-KR} 49. Rf6 Re4 50. b5 Rxh4 51. Ra6 Rh7 52. b6 (52. Rc6 {NOTEXT} Rg7+ 53. Kf6 Rb7 54. Rc8+ Kh7 55. Rc5) 52... Rg7+ 53. Kh6 Rh7+ 54. Kg5 Rg7+ 55. Kf5 axb6 56. Rxb6 Rf7+ 57. Rf6 Rxf6+ 58. Kxf6 {Precision: White = 74%, Black = 93%.} 1/2-1/2